00365nam a2200133 a 4500008004100000050001600041100001900057245004500076260004000121300001800161350000900179650001300188650003000201120416s1963 ||||||||||||||||| || u aHD 6960 Ive aIvens, Michael14aThe practice of industrial communication aLondonbBusiness Publicationsc1963 ax ; 332p. ill a0.00 aINDUSTRY aINDUSTRIAL COMMUNICATIONS